000 00601nam 22001933 4500
001 199938
021 _aPT
_b18.340/87
090 _a199938
100 _a20260115d u||y0pory50 ba
200 _aA cebola cósmica
_eos quarks e a natureza do Universo
_fFrank Close
_gtradução de Paula Vitória
210 _aLisboa
_cedições 70
_dcop. 1983
215 _a192, [3] p.
_cil. ; brochado
_d23 cm
225 _aUniverso da Ciência
_v3
606 _98728
_aCiências Puras- Física
675 _a53
_vPT
_zpor
700 _915765
_aClose
_bFrank
_f1945-
801 _aPT
_bBMMN
_gRPC
830 _cAna
_fAna
990 _cLIVROS